000 00709cam a22002533a 4500
001 20617
003 PGUSA
005 20140828083435.0
008 070218s2007||||xxu|||||s|||||000 | eng d
040 _aPGUSA
_beng
042 _adc
050 4 _aPZ
100 1 _aOld scout
245 1 0 _aYoung Wild West at "Forbidden Pass" ;
_band, How Arietta Paid the Toll
_h[electronic resource] /
_cOld scout
260 _bProject Gutenberg,
_c2007
506 _aPublic domain in the USA.
516 _aElectronic text
653 _aWestern stories
653 _aPulp literature
653 _aDime novels
830 0 _aProject Gutenberg
_v20617
856 4 0 _uhttp://www.gutenberg.org/ebooks/20617
942 _cEB
999 _c249872
_d249872